000 00307nam a22001337a 4500
082 _a540
_bYAD/T
100 _aYADAV, M S
245 _a31 YEARS CHAPTERWISE SOLUTIONS
250 _aREVISED EDITION
260 _aDELHI
_bMTG BOOKS
_c2009
300 _a308
650 _aCHEMISTRY REFERENCE
_zINDIA
942 _cBK
999 _c1510
_d1510